Miradas a la historia regional de la educación (Registro nro. 56082)

Detalles MARC
000 -LEADER
fixed length control field nam a22 7a 4500
005 - DATE AND TIME OF LATEST TRANSACTION
control field 20171009085915.0
008 - FIXED-LENGTH DATA ELEMENTS--GENERAL INFORMATION
fixed length control field 171009b mx ||||| |||| 00| 0 spa d
020 ## - INTERNATIONAL STANDARD BOOK NUMBER
International Standard Book Number 9707018143
050 04 - LIBRARY OF CONGRESS CALL NUMBER
Classification number LA421
Item number M57 2006
245 00 - TITLE STATEMENT
Title Miradas a la historia regional de la educación
Statement of responsibility, etc / Lucía Martínez Moctezuma, Antonio Padilla Arroyo, coordinadores
250 ## - EDITION STATEMENT
Edition statement 1a ed.
260 ## - PUBLICATION, DISTRIBUTION, ETC. (IMPRINT)
Place of publication, distribution, etc México :
Name of publisher, distributor, etc Miguel Ángel Porrúa;
-- Universidad Autónoma del Estado de México,
Date of publication, distribution, etc 2006
300 ## - PHYSICAL DESCRIPTION
Extent 335 p. :
Other physical details il. ;
Dimensions 23 cm.
504 ## - BIBLIOGRAPHY, ETC. NOTE
Bibliography, etc Incluye bibliografía
650 #7 - SUBJECT ADDED ENTRY--TOPICAL TERM
Source of heading or term lemb
Topical term or geographic name as entry element Educación
General subdivision Historia
Geographic subdivision México
650 #7 - SUBJECT ADDED ENTRY--TOPICAL TERM
Source of heading or term lemb
Topical term or geographic name as entry element Educación
Geographic subdivision México
700 1# - ADDED ENTRY--PERSONAL NAME
Personal name Martínez Moctezuma, Lucía
Relator term autor y coordinador
700 1# - ADDED ENTRY--PERSONAL NAME
Personal name Padilla Arroyo, Antonio
Relator term autor y coordinador
700 1# - ADDED ENTRY--PERSONAL NAME
Personal name Ferraz Lorenzo, Manuel
Relator term autor
942 ## - ADDED ENTRY ELEMENTS (KOHA)
Source of classification or shelving scheme Biblioteca del Cogreso de los Estados Unidos
Koha item type Libro
Existencias
Estado de pérdida Fuente de clasificación Estado del daño No para préstamo Ubicación permanente Ubicación actual Apartado o colección Fecha de adquisición Fuente de adquisición Edición Área del conocimiento Clasificación Código de Barras Date last seen Número de copia Tipo de recurso
  Biblioteca del Cogreso de los Estados Unidos     Biblioteca de la Unidad de Ciencias Ingeniería y Humanidades Biblioteca de la Unidad de Ciencias Ingeniería y Humanidades Colección "Miguel Ángel Porrúa" 09/10/2017 Donación 1a Educación y Humanidades LA421 M57 2006 BCU000001331 09/10/2017 1 Libro